000 01153cab a2200157 4500
001 L130629
008 050819n2005 000 0 eng u
035 _a(Sirsi) u130629
041 _aeng
245 _aCaravans to be redefined
260 _c2005
520 _aA consultation "Amending the definition of a caravan" has been launched to review the legal definition of caravans which has remained unaltered for some time. Stakeholders have raised concerns over the maximum dimensions of a caravan with reference to energy conservation and the reduction of greenhouse gas emissions. The definition is one of the key building blocks upon which the legislative framework is built that governs caravan activity. The legal definition of a caravan applies to all types of caravan: caravans used as permanent residential accommodation for Gypsy and Traveller sites and park home estates and caravan accommodation used for holiday purposes. Any proposed change will affect all these sectors Responses are required by 2 November 2005.
590 _aIKA300805
690 _aPROPERTY-RESIDENTIAL PROPERTY-TEMPORARY AND MOBILE RESIDENTIAL PROPERTY
942 _n0
999 _c75742
_d75742